000 00951nmc a2200337 a 4500
003 AR-BaBNM
005 20251128205127.0
008 016119s1994 ||||||||||||||000 | spa||
020 _a950-694-385-0
040 _cAR-BaBNM
100 1 _aJozami, Aníbal Y.
245 1 0 _aLiquidación o reconstrucción del Estado
_bel caso de la Junta Nacional de Granos
250 _a1ª ed.
260 _aBuenos Aires
_bGrupo Editor Latinoamericano
_c1994
300 0 _a304 p.
_btablas, láms.
490 0 _aEstudios políticos y sociales
500 0 _aApéndice p. 241-299
504 _aContiene bibliografía
610 1 4 _aArgentina
650 4 _aESTADO
650 4 _aREFORMA DEL ESTADO
650 4 _aPOLITICA AGRARIA
650 4 _aPOLITICA ECONOMICA
650 4 _aAGRICULTURA
650 4 _aECONOMIA NACIONAL
650 4 _aPOLITICA GUBERNAMENTAL
651 4 _aArgentina
653 _aPRIVATIZACIONES
942 _cBK
998 _cEnrique
999 _c10096
_d10096